Pokémon Names - Japanese to English - Statistics

General Stats
  • This quiz has been taken 20 times
  • The average score is 9 of 20
Answer Stats
Japanese English % Correct
Pikachu Pikachu
100%
Gangar Gengar
78%
Togepy Togepi
78%
Lizardon Charizard
72%
Eievui Eevee
67%
Zenigame Squirtle
50%
Fushigidane Bulbasaur
44%
Kairyu Dragonite
44%
Houou Ho-Oh
44%
Gekkouga Greninja
39%
Myuutsū Mewtwo
39%
Showers Vaporeon
39%
Hitokage Charmander
33%
Kabigon Snorlax
28%
Bracky Umbreon
28%
Eifie Espeon
22%
Nymphia Sylveon
17%
Bangiras Tyranitar
17%
Gaburias Garchomp
11%
Giligard Aegislash
0%
No matching quizzes found
Score Distribution
Percent of People with Each Score
Percentile by Number Answered
Your Score History
You have not taken this quiz